Anglo - American cataloguing rules: prepared under the direction of the Joint Steering Committee for Revision of AACR, a committee of the American Library Association, the Australian Committee on Cataloguing, the British Library, the Canadian Committee on Cataloguing, the Library Association, the Library of Congress
Wedi'i Gadw mewn:
| Prif Awdur: | |
|---|---|
| Fformat: | Llyfr |
| Iaith: | Undetermined |
| Cyhoeddwyd: |
Ottawa,Chicago
Canadian Library Association,American Library Association
1998
|
| Pynciau: | |
| Tagiau: |
Ychwanegu Tag
Dim Tagiau, Byddwch y cyntaf i dagio'r cofnod hwn!
|
| Thư viện lưu trữ: | Trung tâm Học liệu Trường Đại học Cần Thơ |
|---|
| LEADER | 00871nam a2200205Ia 4500 | ||
|---|---|---|---|
| 001 | CTU_127077 | ||
| 008 | 210402s9999 xx 000 0 und d | ||
| 082 | |a 025.32 | ||
| 082 | |b G671 | ||
| 100 | |a Gorman, Michael | ||
| 245 | 0 | |a Anglo - American cataloguing rules: | |
| 245 | 0 | |b prepared under the direction of the Joint Steering Committee for Revision of AACR, a committee of the American Library Association, the Australian Committee on Cataloguing, the British Library, the Canadian Committee on Cataloguing, the Library Association, the Library of Congress | |
| 245 | 0 | |c Michael Gorman, Paul W. Winkler | |
| 260 | |a Ottawa,Chicago | ||
| 260 | |b Canadian Library Association,American Library Association | ||
| 260 | |c 1998 | ||
| 650 | |a Descriptive cataloging | ||
| 650 | |x Rules | ||
| 904 | |i Nguyên | ||
| 980 | |a Trung tâm Học liệu Trường Đại học Cần Thơ | ||